Rick Astley - Never Gonna Give You Up Lyrics - Statistics

General Stats
  • This quiz has been taken 167 times
  • The average score is 17 of 21
Answer Stats
Lyric % Correct
Never gonna {give} {you} {up}
97%
Never gonna make you {cry}
96%
Never gonna say {goodbye}
95%
Never gonna tell a {lie} and hurt you
94%
We’re no {strangers} to love
94%
Never gonna {let} {you} {down}
93%
Never gonna run around and {desert} you
91%
You wouldn’t get this from any other {guy}
91%
We’ve {known} each other for so long
89%
I just wanna tell you how I’m {feeling}
88%
{Never} gonna give, {Never} gonna give
88%
You know the {rules} and so do I
88%
But you’re too {shy} to say it
83%
Gotta make you {understand}
82%
Don’t tell me you’re too {blind} to see
68%
We know the {game}
67%
You’re hearts been {aching}
67%
And we’re gonna {play} it
66%
And if you {ask} me how I’m feeling
62%
A full {commitment’s} what I’m thinking of
58%
{Inside} we both know what’s been going on
45%
No matching quizzes found
Score Distribution
Percent of People with Each Score
Percentile by Number Answered
Your Score History
You have not taken this quiz